000 00557nam a2200205Ia 4500
003 IN-BaIIA
008 211028s9999 xx 000 0 eng d
020 _a0-306-30357-4
040 _cIIA Library
080 _a551.510.5
_bDAN
100 _aDanilov, A. D
_96385
245 0 _aChemistry of the ionosphere
_cA. D. Danilov
260 _aNew York
_bPlenum Press
_c1970
300 _a296p.
490 _aMonographs in Geoscience
650 _aAstronomy and Astrophysics Thesaurus
650 _aIonosphere
650 _aUpper Atmosphere
_92186
942 _cBK
999 _c3602
_d3602